Classroom Instruction that Works: Research-Based Strategies for increasing Student Achievement (Record no. 23819)

MARC details
000 -LEADER
fixed length control field 00741nam a22002177a 4500
003 - CONTROL NUMBER IDENTIFIER
control field OSt
005 - DATE AND TIME OF LATEST TRANSACTION
control field 20260610130217.0
008 - FIXED-LENGTH DATA ELEMENTS--GENERAL INFORMATION
fixed length control field 260610b |||||||| |||| 00| 0 eng d
020 ## - INTERNATIONAL STANDARD BOOK NUMBER
International Standard Book Number 9781416613626
040 ## - CATALOGING SOURCE
Transcribing agency Chuka University Library
050 ## - LIBRARY OF CONGRESS CALL NUMBER
Classification number LB 1025.3 .C5 2012
100 ## - MAIN ENTRY--PERSONAL NAME
Personal name Dean, Ceri B.
9 (RLIN) 28268
245 ## - TITLE STATEMENT
Title Classroom Instruction that Works: Research-Based Strategies for increasing Student Achievement
250 ## - EDITION STATEMENT
Edition statement 2nd ed.
260 ## - PUBLICATION, DISTRIBUTION, ETC.
Place of publication, distribution, etc. Alexandria
Name of publisher, distributor, etc. ASCD
Date of publication, distribution, etc. 2012
300 ## - PHYSICAL DESCRIPTION
Extent 188P
Other physical details Illustrations
650 ## - SUBJECT ADDED ENTRY--TOPICAL TERM
Topical term or geographic name entry element Effective Teaching -United States
9 (RLIN) 27675
650 ## - SUBJECT ADDED ENTRY--TOPICAL TERM
Topical term or geographic name entry element Academic Achievement-United States-Statistics
9 (RLIN) 28269
700 ## - ADDED ENTRY--PERSONAL NAME
Personal name Elizabeth Ross Hubbell, Howard Pitler and Bj Stone
9 (RLIN) 28270
942 ## - ADDED ENTRY ELEMENTS (KOHA)
Source of classification or shelving scheme Library of Congress Classification
Koha item type Long Loan Books
Suppress in OPAC No
Holdings
Withdrawn status Lost status Source of classification or shelving scheme Damaged status Not for loan Collection Home library Current library Shelving location Date acquired Source of acquisition Cost, normal purchase price Total Checkouts Full call number Barcode Date last seen Price effective from Koha item type
    Library of Congress Classification     General Collection Books Main Campus Library Main Campus Library General Stacks 10/06/2026 Donation from Books for Africa 2328.48   LB 1025.3 .C5 2012 33773/2026 10/06/2026 10/06/2026 Long Loan Books

Powered by Koha